olivia rodrigo "favorite crime" lyrics sour album - Statistics

General Stats
  • This quiz has been taken 2,447 times
  • The average score is 183 of 217
Answer Stats
Hint Answer % Correct
I
99%
you
99%
a
97%
was
97%
your
97%
Your
97%
crime
96%
favorite
95%
so
94%
the
94%
Chorus The
94%
that
93%
we
93%
hope
92%
mine
92%
did
91%
all
90%
do
90%
Just
90%
call
89%
could
89%
things
89%
an
88%
me
86%
And
85%
and
85%
on
85%
to
85%
it
84%
Verse 1 Know
84%
know
84%
my
84%
'Cause
82%
loved
82%
what
82%
like
81%
Well
81%
bad
80%
treat
79%
honey
78%
let
78%
as
77%
but
76%
But
76%
broke
75%
damage
75%
heart
75%
with
75%
think
74%
every
73%
Chorus Oh
73%
about
72%
doing
71%
It's
71%
down
70%
going
70%
bittersweet
69%
bloody
69%
One
69%
willing
69%
you're
69%
hands
68%
friends
67%
scene
67%
crossed
66%
line
66%
accomplice
65%
four
65%
smile
65%
Verse 2 Used
65%
watched
65%
again
64%
face
64%
made
64%
alibi
63%
fled
63%
buried
62%
defended
62%
hate
62%
if
62%
around
61%
I'd
61%
say
61%
siren
61%
trouble
61%
time
59%
wonder
59%
Doe
58%
eyed
58%
look
58%
now
58%
sounds
58%
were
58%
Yeah
58%
became
56%
everything
54%
baby
51%
we'd
50%
still
18%
No matching quizzes found
Score Distribution
Percent of People with Each Score
Percentile by Number Answered
Your Score History
You have not taken this quiz